000 00609nam a2200193 i 4500
001 40243
003 ES-MaACL
005 20240627063050.0
007 t|
008 030305s1952 sp ||||1| spa d
100 0 _aCarriedo, Gabino-Alejandro,
_d1923-1981
_935738
245 1 0 _aDel mal, el menos /
_cGabino-Alejandro Carriedo.
260 _aMadrid :
_b[s.n.,
_c1952] (
_fBachende)
300 _a45 p. ;
_c21 cm.
490 1 _aColección el pájaro de pajá ;
_v2
830 0 _aColección el pájaro de pajá ;
_v2
_9229735
852 _aES-MaACL
_j2005-F-16
_bR.33395
999 _c40243
_d40243